La Impune inmunidad (primera parte)

Guardat en:
Dades bibliogràfiques
Format: Text
Matèries:
Etiquetes: Afegir etiqueta
Sense etiquetes, Sigues el primer a etiquetar aquest registre!

MARC

LEADER 00000 a a2200000 04500
001 6293
003
040
245 |a La Impune inmunidad (primera parte)  
650 |a DERECHOS HUMANOS  
650 |a GOBIERNO  
650 |a PODER EJECUTIVO  
650 |a INSTITUCIONES PUBLICAS  
650 |a PARTIDOS POLITICOS  
773 |g volumen 20, número 870; páginas 13-15  
999 |c 27935  |d 27935